[Event "Schachfestival 2012"]
[Site "Bad WÃ¶rishofen"]
[Date "2012.03.04"]
[Round "3.17"]
[White "Remensberger, Paul"]
[Black "Graf, Felix"]
[Result "1/2-1/2"]
[WhiteElo "2054"]
[BlackElo "2378"]
[PlyCount "44"]
[EventDate "2012.??.??"]

1. d4 Nf6 2. Bg5 c5 3. Bxf6 gxf6 4. d5 Qb6 5. Qc1 f5 6. e3 Bg7 7. c3 Na6 8. g3
Qd6 9. Bg2 b5 10. Ne2 Bb7 11. O-O Nc7 12. Rd1 Be5 13. a4 a6 14. axb5 axb5 15.
Rxa8+ Bxa8 16. Na3 O-O 17. Qc2 Qf6 18. Qd2 Bb7 19. Nc2 Qg6 20. Ne1 d6 21. Nd3
Bh8 22. Ndf4 Qf6 1/2-1/2

[Event "Schachfestival 2012"]
[Site "Bad WÃ¶rishofen"]
[Date "2012.03.04"]
[Round "3.22"]
[White "Glantz, Robert"]
[Black "Baeuml, Ulrich"]
[Result "1-0"]
[WhiteElo "2278"]
[BlackElo "2071"]
[PlyCount "47"]
[EventDate "2012.??.??"]

1. e4 e5 2. Nf3 Nc6 3. Bb5 a6 4. Bxc6 dxc6 5. O-O Bd6 6. d4 Bg4 7. dxe5 Bxf3 8.
Qxf3 Bxe5 9. Nc3 Qd6 10. Rd1 Qe6 11. Na4 b6 12. Qd3 b5 13. Nc5 Qd6 14. Qxd6
Bxd6 15. Nb7 Ke7 16. Nxd6 cxd6 17. Bf4 Rd8 18. a4 b4 19. Rd4 c5 20. Rd3 Nf6 21.
Rad1 c4 22. Rd4 a5 23. Bxd6+ Ke6 24. f4 1-0

[Event "Schachfestival 2012"]
[Site "Bad WÃ¶rishofen"]
[Date "2012.03.04"]
[Round "3.27"]
[White "Ballon, Günther Jan"]
[Black "Marian, Hartmut"]
[Result "1-0"]
[WhiteElo "2183"]
[BlackElo "2047"]
[PlyCount "69"]
[EventDate "2012.??.??"]

1. d4 Nf6 2. c4 c5 3. d5 e6 4. Nc3 exd5 5. cxd5 d6 6. e4 a6 7. a4 g6 8. f3 Bg7
9. Bg5 O-O 10. Qd2 Nbd7 11. Nh3 Qa5 12. Ra3 Ne5 13. Nf2 Qb4 14. Be3 Bd7 15. Be2
b5 16. axb5 axb5 17. Nxb5 Rxa3 18. bxa3 Qb1+ 19. Qc1 Qxc1+ 20. Bxc1 Bxb5 21.
Bxb5 Rb8 22. a4 Ned7 23. Bf4 Ne5 24. O-O Ne8 25. Rb1 Nc7 26. Bd3 Rxb1+ 27. Bxb1
Kf8 28. Nd3 Nxd3 29. Bxd3 Ke7 30. Kf1 Bc3 31. Ke2 Kd7 32. Bc4 Na8 33. Kd3 Bb4
34. Bb5+ Kc7 35. e5 1-0

[Event "Schachfestival 2012"]
[Site "Bad WÃ¶rishofen"]
[Date "2012.03.04"]
[Round "3.28"]
[White "Sakowski, Christian"]
[Black "Keller, Manfred"]
[Result "0-1"]
[WhiteElo "1966"]
[BlackElo "2180"]
[PlyCount "58"]
[EventDate "2012.??.??"]

1. Nf3 d5 2. d4 g6 3. g3 Bg7 4. Bg2 Nf6 5. O-O O-O 6. Nbd2 b6 7. Ne5 c5 8. c3
Bb7 9. Re1 Nbd7 10. Ndf3 Rc8 11. Nxd7 Nxd7 12. Bf4 f6 13. Qd2 e5 14. Bh6 e4 15.
Bxg7 Kxg7 16. Nh4 f5 17. Bf1 g5 18. Ng2 f4 19. Red1 Qf6 20. e3 f3 21. Ne1 c4
22. Bh3 Rc7 23. Bxd7 Rxd7 24. Nc2 Qh6 25. Qe1 Rd6 26. Qf1 Bc8 27. Kh1 Bh3 28.
Qe1 Bg2+ 29. Kg1 Qxh2+ 0-1

[Event "Schachfestival 2012"]
[Site "Bad WÃ¶rishofen"]
[Date "2012.03.04"]
[Round "3.29"]
[White "Grawe, Christian"]
[Black "Kretschel, Klaus"]
[Result "1-0"]
[WhiteElo "2122"]
[BlackElo "2037"]
[PlyCount "37"]
[EventDate "2012.??.??"]

1. e4 e5 2. Nf3 Nc6 3. Bb5 Nf6 4. Qe2 Bc5 5. c3 Qe7 6. d3 O-O 7. Bg5 d6 8. Nbd2
Nd8 9. d4 Bb6 10. d5 c6 11. Bc4 Bc7 12. Nf1 cxd5 13. exd5 h6 14. Bh4 Re8 15.
Ne3 a6 16. Bb3 e4 17. Nd4 g5 18. Bg3 Bb6 19. Nef5 1-0

[Event "Schachfestival 2012"]
[Site "Bad WÃ¶rishofen"]
[Date "2012.03.04"]
[Round "3.37"]
[White "Behling, Robert"]
[Black "von Saldern, Rüdiger"]
[Result "1-0"]
[WhiteElo "2142"]
[BlackElo "2010"]
[PlyCount "41"]
[EventDate "2012.??.??"]

1. c4 c6 2. e4 d5 3. exd5 cxd5 4. d4 e6 5. Nc3 Nf6 6. Nf3 Be7 7. cxd5 Nxd5 8.
Bd3 O-O 9. O-O Nc6 10. Re1 h6 11. a3 a6 12. Bc2 Nf6 13. Bf4 Bd7 14. Qd3 Qa5 15.
Ne5 Rfd8 16. b4 Qb6 17. d5 Nxe5 18. Bxe5 g6 19. d6 Ng4 20. dxe7 Qxf2+ 21. Kh1
1-0

[Event "Schachfestival 2012"]
[Site "Bad WÃ¶rishofen"]
[Date "2012.03.04"]
[Round "3.40"]
[White "Münch, Werner"]
[Black "Matzat, Andre"]
[Result "0-1"]
[WhiteElo "1867"]
[BlackElo "2128"]
[PlyCount "70"]
[EventDate "2012.??.??"]

1. d4 Nf6 2. c4 Nc6 3. Nc3 e5 4. d5 Ne7 5. Nf3 Ng6 6. e3 Bb4 7. Bd2 O-O 8. Be2
d6 9. h3 Bxc3 10. Bxc3 Ne4 11. Rc1 f5 12. Nd2 Qh4 13. Nxe4 fxe4 14. Rf1 Rf6 15.
Bg4 Bxg4 16. Qxg4 Raf8 17. g3 Qxg4 18. hxg4 Ne7 19. Ke2 b6 20. b4 Rg6 21. Be1
Rxg4 22. Rc3 b5 23. Ra3 bxc4 24. Rxa7 Nxd5 25. a4 Rg6 26. a5 Rb8 27. a6 Rf6 28.
f3 c3 29. Rb7 Rxb7 30. axb7 Rf8 31. fxe4 Nf6 32. Bxc3 Rb8 33. Kd3 Rxb7 34. Ra1
Kf7 35. Ra4 Kg6 0-1

[Event "Schachfestival 2012"]
[Site "Bad WÃ¶rishofen"]
[Date "2012.03.04"]
[Round "3.50"]
[White "Goede, Heiko"]
[Black "Schmitzer, Peter"]
[Result "1/2-1/2"]
[WhiteElo "1938"]
[BlackElo "2101"]
[PlyCount "89"]
[EventDate "2012.??.??"]

1. Nf3 g6 2. d3 Bg7 3. g3 d5 4. Bg2 e5 5. O-O Ne7 6. Nbd2 O-O 7. e4 d4 8. Nc4
Nbc6 9. a4 h6 10. b3 Be6 11. Bd2 a6 12. a5 b5 13. axb6 cxb6 14. Qc1 Kh7 15. h4
Qc7 16. Nh2 b5 17. Nxe5 Nxe5 18. f4 Ng4 19. Nxg4 Bxg4 20. e5 Nc6 21. Qe1 Ra7
22. Qe4 Rc8 23. f5 Nxe5 24. fxg6+ fxg6 25. Bf4 Bf5 26. Qe1 Re8 27. Qd2 Qb6 28.
Rae1 Rae7 29. h5 Ng4 30. Rxe7 Rxe7 31. hxg6+ Bxg6 32. Bf3 Ne3 33. Rf2 Be5 34.
Qb4 Re8 35. Bxe5 Rxe5 36. Be4 Qe6 37. Qf8 Bxe4 38. Rf7+ Kg6 39. Qg7+ Kh5 40.
Rf6 Qxf6 41. Qxf6 Rg5 42. dxe4 Rxg3+ 43. Kh1 Rh3+ 44. Kg1 Rg3+ 45. Kh1 1/2-1/2

[Event "Schachfestival 2012"]
[Site "Bad WÃ¶rishofen"]
[Date "2012.03.04"]
[Round "3.55"]
[White "Reichenbacher, Gerhard"]
[Black "Santl, Anton"]
[Result "0-1"]
[WhiteElo "1846"]
[BlackElo "2075"]
[PlyCount "48"]
[EventDate "2012.??.??"]

1. c4 e5 2. g3 Nf6 3. Bg2 d5 4. cxd5 Nxd5 5. Nc3 Nb6 6. Nf3 Nc6 7. d3 Be7 8.
O-O O-O 9. Be3 Be6 10. a3 f6 11. b4 a5 12. b5 Nd4 13. Nd2 Re8 14. Bxd4 Qxd4 15.
Qc2 Qd7 16. Rfd1 Bd6 17. Nce4 Qxb5 18. a4 Qd7 19. Nc4 Bb4 20. Rab1 Qxa4 21. Rb3
Nxc4 22. dxc4 b5 23. Nc3 Bxc3 24. Qxc3 bxc4 0-1

[Event "Schachfestival 2012"]
[Site "Bad WÃ¶rishofen"]
[Date "2012.03.04"]
[Round "3.3"]
[White "Teske, Henrik"]
[Black "Lötscher, Roland"]
[Result "1-0"]
[WhiteElo "2554"]
[BlackElo "2368"]
[PlyCount "74"]
[EventDate "2012.??.??"]

1. Nf3 d5 2. c4 c6 3. d4 Nf6 4. Nbd2 Bf5 5. Nh4 Bg6 6. Qb3 Qb6 7. Qh3 Na6 8.
Nxg6 fxg6 9. c5 Qc7 10. e4 dxe4 11. Bxa6 bxa6 12. Nc4 Rd8 13. Be3 Rd5 14. Ne5
Nd7 15. Nxg6 hxg6 16. Qxh8 Qa5+ 17. Bd2 Qb5 18. Qh3 Rxd4 19. a4 Qxc5 20. Rc1
Qd5 21. Be3 Rxa4 22. O-O e5 23. Ra1 Rxa1 24. Rxa1 Kf7 25. Qg4 Nf6 26. Qc8 Bc5
27. Bxc5 Qxc5 28. Qxa6 Ke6 29. Qxa7 Qd4 30. Qb7 Kf5 31. Re1 c5 32. h3 c4 33.
Qxg7 Kg5 34. h4+ Kf5 35. Qf7 Qb6 36. g4+ Kxg4 37. Qxg6+ Kf3 1-0

[Event "Schachfestival 2012"]
[Site "Bad WÃ¶rishofen"]
[Date "2012.03.05"]
[Round "4.1"]
[White "Meijers, Viesturs"]
[Black "Zubarev, Alexander"]
[Result "1-0"]
[WhiteElo "2490"]
[BlackElo "2597"]
[PlyCount "107"]
[EventDate "2012.??.??"]

1. e4 c5 2. Nf3 d6 3. d4 cxd4 4. Nxd4 Nf6 5. Nc3 Nc6 6. Bg5 e6 7. Qd2 Be7 8.
Be2 Nxe4 9. Nxe4 Bxg5 10. Nxg5 Nxd4 11. Qxd4 Qxg5 12. Qxd6 Bd7 13. Bf3 O-O-O
14. O-O Bc6 15. Qa3 Bxf3 16. Qxf3 Rd7 17. Rad1 Rhd8 18. h4 Qf6 19. Rxd7 Rxd7
20. Qa3 a6 21. Re1 g6 22. g3 Qf5 23. Qc3+ Kb8 24. Re5 Qf6 25. Qe3 h5 26. b4 Qd8
27. Rc5 Rd1+ 28. Kh2 Qd6 29. Qc3 Ka7 30. Kg2 Rb1 31. Rc8 Qd5+ 32. f3 e5 33. a3
e4 34. Qc5+ Qxc5 35. Rxc5 e3 36. Re5 Rc1 37. Rxe3 Rxc2+ 38. Kh3 Ra2 39. g4 a5
40. bxa5 Ka6 41. gxh5 gxh5 42. Rb3 Rc2 43. Rb6+ Ka7 44. Rb5 Rc3 45. Kg3 Rxa3
46. Rxh5 b6 47. axb6+ Kxb6 48. Rd5 Kc6 49. Rd1 Ra8 50. h5 Rh8 51. Kg4 f6 52. f4
Kc7 53. Kf5 Rh6 54. Ke6 1-0

[Event "Schachfestival 2012"]
[Site "Bad WÃ¶rishofen"]
[Date "2012.03.05"]
[Round "4.4"]
[White "Pap, Misa"]
[Black "Gutman, Lev"]
[Result "1-0"]
[WhiteElo "2501"]
[BlackElo "2452"]
[PlyCount "111"]
[EventDate "2012.??.??"]

1. e4 c5 2. c3 Nf6 3. e5 Nd5 4. d4 cxd4 5. Nf3 Nc6 6. Bc4 Nb6 7. Bb3 d5 8. exd6
Qxd6 9. O-O Bf5 10. Nxd4 Nxd4 11. cxd4 Bxb1 12. Rxb1 e6 13. Qg4 h5 14. Qe4 Be7
15. Qxb7 O-O 16. Qe4 Rfd8 17. Rd1 Nd5 18. Qe5 g6 19. Bxd5 Qxd5 20. Bh6 f6 21.
Qxd5 Rxd5 22. Be3 Ra5 23. Ra1 Rb8 24. Rd2 Rab5 25. b3 Rc8 26. d5 Bb4 27. Re2
Rxd5 28. Bxa7 e5 29. g3 Ba3 30. Be3 Kf7 31. Rb1 Bb4 32. Kg2 g5 33. Rc1 Rxc1 34.
Bxc1 Rd1 35. Rc2 Ke6 36. a3 Bd6 37. a4 Rd3 38. a5 Rxb3 39. a6 Rb8 40. a7 Ra8
41. Be3 Kd7 42. h3 g4 43. h4 f5 44. Rc4 Ke6 45. Rc6 Kd5 46. Ra6 Bc7 47. f3 f4
48. gxf4 exf4 49. Bg1 Be5 50. Rh6 Rc8 51. Ra6 Ra8 52. Bf2 Bc3 53. Rh6 Be5 54.
Rxh5 gxf3+ 55. Kxf3 Rc8 56. Rg5 1-0

[Event "Schachfestival 2012"]
[Site "Bad WÃ¶rishofen"]
[Date "2012.03.05"]
[Round "4.6"]
[White "Calzetta, Monica"]
[Black "Levin, Felix"]
[Result "0-1"]
[WhiteElo "2300"]
[BlackElo "2502"]
[PlyCount "68"]
[EventDate "2012.??.??"]

1. e4 e5 2. Nf3 Nc6 3. Bb5 Nf6 4. Qe2 Bd6 5. c3 O-O 6. d3 Re8 7. Bg5 a6 8. Ba4
h6 9. Bh4 b5 10. Bb3 Be7 11. Nbd2 d6 12. Nf1 Nd7 13. Bg3 Nb6 14. Ne3 Bf6 15.
O-O Na5 16. Bc2 c5 17. Nd2 Nc6 18. f4 exf4 19. Bxf4 d5 20. Ng4 Bg5 21. Qf3 Be6
22. Rae1 Bxf4 23. Qxf4 Qg5 24. Ne3 Qxf4 25. Rxf4 d4 26. Nf5 Rad8 27. Bb3 dxc3
28. bxc3 Na4 29. d4 Bxf5 30. Rxf5 c4 31. Ref1 Nxc3 32. Rxf7 Rf8 33. Rxf8+ Rxf8
34. Rxf8+ Kxf8 0-1

[Event "Schachfestival 2012"]
[Site "Bad WÃ¶rishofen"]
[Date "2012.03.05"]
[Round "4.9"]
[White "Kuijf, Marinus"]
[Black "Glantz, Robert"]
[Result "1-0"]
[WhiteElo "2415"]
[BlackElo "2278"]
[PlyCount "79"]
[EventDate "2012.??.??"]

1. e4 c5 2. c3 Nf6 3. e5 Nd5 4. Bc4 Nb6 5. Bb3 Nc6 6. Qe2 c4 7. Bc2 Qc7 8. f4
d6 9. Nf3 dxe5 10. Nxe5 Nxe5 11. fxe5 g6 12. d4 cxd3 13. Bxd3 Be6 14. Na3 Bg7
15. Bf4 O-O 16. O-O Nd5 17. Bg3 Nxc3 18. Qf2 Nd5 19. Nb5 Qa5 20. a3 Qb6 21.
Qxb6 axb6 22. Be4 Ne3 23. Rfe1 Nd5 24. Rad1 Rad8 25. Rd3 Rd7 26. Nd4 Rfd8 27.
Nxe6 fxe6 28. Bf3 Kf7 29. Rb3 Rc8 30. Bxd5 Rxd5 31. Rxb6 Rcc5 32. Rxb7 Bxe5 33.
Bxe5 Rxe5 34. Rxe5 Rxe5 35. b4 Ke8 36. a4 Kd8 37. a5 Kc8 38. Rxe7 Rb5 39. a6
Rxb4 40. a7 1-0

[Event "Schachfestival 2012"]
[Site "Bad Wörishofen"]
[Date "2012.03.05"]
[Round "4.3"]
[White "Steinbacher, Matthias"]
[Black "Teske, Henrik"]
[Result "0-1"]
[WhiteElo "2247"]
[BlackElo "2554"]
[PlyCount "88"]
[EventDate "2012.??.??"]

1. Nf3 d5 2. g3 g6 3. Bg2 Bg7 4. c4 d4 5. d3 e5 6. O-O Ne7 7. b4 O-O 8. Nbd2
Nd7 9. Nb3 Rb8 10. e3 dxe3 11. Bxe3 Nf5 12. Bg5 f6 13. Bd2 Re8 14. Qc2 Nf8 15.
Rae1 Be6 16. Nc5 b6 17. Nxe6 Nxe6 18. Bc3 c6 19. Bh3 Nfd4 20. Bxd4 Nxd4 21.
Nxd4 Qxd4 22. Re4 Qd8 23. Qa4 Qxd3 24. Qxc6 f5 25. Re3 Qd8 26. Qa4 Qc7 27. Rd1
Re7 28. Red3 Qxc4 29. Bf1 Qc8 30. Rd6 e4 31. Ba6 Qc3 32. Rc6 Qe5 33. Rcd6 Rf8
34. Rd7 f4 35. R1d5 Qf6 36. R5d6 Qg5 37. Qb3+ Kh8 38. Rxe7 fxg3 39. fxg3 Qxe7
40. Re6 Bd4+ 41. Kh1 Qg5 42. Rxe4 Qc1+ 43. Kg2 Rf2+ 44. Kh3 Rxh2+ 0-1

[Event "Schachfestival 2012"]
[Site "Bad Wörishofen"]
[Date "2012.03.05"]
[Round "4.7"]
[White "Andreev, Eduard"]
[Black "Espig, Lutz"]
[Result "1-0"]
[WhiteElo "2478"]
[BlackElo "2343"]
[PlyCount "65"]
[EventDate "2012.??.??"]

1. e4 c5 2. Nf3 e6 3. d4 cxd4 4. Nxd4 a6 5. Nc3 Qc7 6. Bd3 Nc6 7. Nxc6 bxc6 8.
Qe2 Nf6 9. e5 Nd5 10. Nxd5 cxd5 11. O-O d6 12. Bf4 Bb7 13. Rae1 Qd7 14. Bg3 Be7
15. f4 dxe5 16. fxe5 g6 17. Bf4 Bc6 18. Bh6 Bb5 19. Kh1 Bf8 20. Qd2 Qe7 21. Bg5
Qd7 22. Bf6 Rg8 23. b3 Be7 24. Qh6 Bxf6 25. Rxf6 O-O-O 26. Bxb5 axb5 27. Qxh7
Rdf8 28. Qh4 g5 29. Qb4 g4 30. c4 d4 31. Rf4 d3 32. Qc5+ Kb7 33. Rd4 1-0

[Event "Schachfestival 2012"]
[Site "Bad Wörishofen"]
[Date "2012.03.05"]
[Round "4.8"]
[White "Buchal, Stephan"]
[Black "Zude, Arno"]
[Result "0-1"]
[WhiteElo "2330"]
[BlackElo "2442"]
[PlyCount "80"]
[EventDate "2012.??.??"]

1. e4 e5 2. Nc3 Nf6 3. g3 d5 4. exd5 Nxd5 5. Bg2 Nxc3 6. bxc3 Nc6 7. Nf3 Bc5 8.
O-O O-O 9. d3 Bg4 10. h3 Bh5 11. Qe1 Re8 12. g4 Bg6 13. Ng5 Qd7 14. Qe2 h6 15.
Ne4 Be7 16. Rb1 b6 17. Qf3 Rad8 18. Be3 Na5 19. Qg3 Bf8 20. g5 h5 21. Qh4 Bxe4
22. Bxe4 g6 23. f4 exf4 24. Qxf4 Bg7 25. Bd2 Re7 26. Qf3 Nc4 27. Bf4 Nd6 28.
Bc6 Qf5 29. c4 Be5 30. Rbe1 Bxf4 31. Rxe7 Qxg5+ 32. Kh1 Qxe7 33. Qxf4 Kg7 34.
Qd4+ Kh7 35. Qf2 Nf5 36. Be4 Nh6 37. Re1 Qg5 38. Rg1 Qe5 39. Qh4 Re8 40. Rg5 f5
0-1

[Event "Schachfestival 2012"]
[Site "Bad Wörishofen"]
[Date "2012.03.05"]
[Round "4.16"]
[White "Dewenter, Ulf"]
[Black "Meister, Jakob"]
[Result "0-1"]
[WhiteElo "2146"]
[BlackElo "2494"]
[PlyCount "66"]
[EventDate "2012.??.??"]

1. Nf3 d6 2. g3 e5 3. Bg2 f5 4. d4 e4 5. Ng1 d5 6. Nh3 Be7 7. c4 dxc4 8. O-O
Nc6 9. e3 Nf6 10. Nd2 Be6 11. Qe2 Na5 12. f3 exf3 13. Qxf3 O-O 14. Qe2 g6 15.
Nf4 Bf7 16. Nf3 Nd5 17. Ne5 Nxf4 18. gxf4 Bd5 19. Bd2 Nc6 20. Bxd5+ Qxd5 21.
Nxc6 Qxc6 22. Rfc1 b5 23. b3 Ba3 24. bxc4 Bxc1 25. cxb5 Qe6 26. Rxc1 Qxa2 27.
Rxc7 Rac8 28. Rc6 Qd5 29. Bb4 Rxc6 30. bxc6 Rc8 31. Bc5 Rxc6 32. Qb5 Rc8 33.
Qa6 Rb8 0-1

[Event "Schachfestival 2012"]
[Site "Bad WÃ¶rishofen"]
[Date "2012.03.05"]
[Round "4.13"]
[White "Graf, Felix"]
[Black "Felgendreher, Heiko"]
[Result "0-1"]
[WhiteElo "2378"]
[BlackElo "2196"]
[PlyCount "46"]
[EventDate "2012.??.??"]

1. d4 Nf6 2. Nf3 g6 3. c4 Bg7 4. Nc3 d5 5. e3 O-O 6. Qb3 dxc4 7. Bxc4 c5 8.
dxc5 Qa5 9. Bd2 Qxc5 10. Rc1 Nc6 11. Nb5 Qh5 12. Nc7 Bh3 13. Rg1 Bxg2 14. Rxg2
Qxf3 15. Rg3 Qh1+ 16. Ke2 Qe4 17. Bxf7+ Rxf7 18. Rc4 Qf5 19. Nxa8 Ne4 20. Rxe4
Qxe4 21. Kd1 e6 22. f3 Qb1+ 23. Ke2 Qh1 0-1

[Event "Schachfestival 2012"]
[Site "Bad WÃ¶rishofen"]
[Date "2012.03.05"]
[Round "4.14"]
[White "Leiber, Bernard"]
[Black "Pirrot, Dieter"]
[Result "0-1"]
[WhiteElo "2190"]
[BlackElo "2371"]
[PlyCount "44"]
[EventDate "2012.??.??"]

1. Nf3 d5 2. g3 Nc6 3. d4 Bg4 4. Bg2 Qd7 5. h3 Bf5 6. g4 Bg6 7. Bf4 h5 8. g5 h4
9. Qd2 e6 10. Nc3 f6 11. e3 Nge7 12. O-O-O Nf5 13. gxf6 gxf6 14. e4 dxe4 15.
Nxe4 O-O-O 16. Qc3 Qd5 17. Nxf6 Qxa2 18. Qb3 Qxb3 19. cxb3 Nfxd4 20. Nxd4 Nxd4
21. Rxd4 Rxd4 22. Be5 Bh6+ 0-1

[Event "Schachfestival 2012"]
[Site "Bad WÃ¶rishofen"]
[Date "2012.03.05"]
[Round "4.17"]
[White "Karpatchev, Alexandr"]
[Black "Hornung, Hans"]
[Result "1-0"]
[WhiteElo "2443"]
[BlackElo "2126"]
[PlyCount "53"]
[EventDate "2012.??.??"]

1. e4 e6 2. d4 d5 3. Nd2 c5 4. Ngf3 Nf6 5. e5 Nfd7 6. c3 Nc6 7. Bd3 Be7 8. O-O
a5 9. Re1 a4 10. Nf1 cxd4 11. cxd4 Nb6 12. Ng3 h5 13. Ne2 Nb4 14. Bb1 Bd7 15.
Nc3 g5 16. a3 Nc6 17. Rf1 Na5 18. Bc2 Nac4 19. Rb1 Kf8 20. Ne1 f5 21. exf6 Bxf6
22. f4 g4 23. Ne2 Kg7 24. Nd3 Qc7 25. Ne5 Nxe5 26. fxe5 Be7 27. Nf4 1-0

[Event "Schachfestival 2012"]
[Site "Bad WÃ¶rishofen"]
[Date "2012.03.05"]
[Round "4.48"]
[White "Baeuml, Ulrich"]
[Black "Goede, Heiko"]
[Result "1-0"]
[WhiteElo "2071"]
[BlackElo "1938"]
[PlyCount "87"]
[EventDate "2012.??.??"]

1. g3 g6 2. Bg2 Bg7 3. c4 Nf6 4. Nc3 O-O 5. d4 d6 6. Nf3 Nc6 7. d5 Na5 8. Qd3
c5 9. O-O a6 10. e4 Rb8 11. Rb1 Bd7 12. b3 b5 13. Nd2 bxc4 14. bxc4 Rxb1 15.
Qxb1 Ng4 16. Qd3 Ne5 17. Qe2 Bg4 18. f3 Bd7 19. Bb2 Bh6 20. Ncb1 Naxc4 21. Nxc4
Nxc4 22. Qxc4 Bb5 23. Qc3 f6 24. Re1 Qb6 25. f4 Rb8 26. Ba1 a5 27. Na3 Ba6 28.
Rb1 Qa7 29. Rxb8+ Qxb8 30. Qxa5 Bd3 31. Qc3 c4 32. h4 Qa7+ 33. Kh2 Bxf4 34.
Nxc4 Bxg3+ 35. Kxg3 Bxc4 36. Qxc4 Qe3+ 37. Kh2 Qf4+ 38. Kg1 Qe3+ 39. Kf1 Qf4+
40. Ke2 Qg3 41. Qc8+ Kg7 42. Qh3 Qf4 43. Bb2 Kh6 44. Qe3 1-0

[Event "Schachfestival 2012"]
[Site "Bad Wörishofen"]
[Date "2012.03.05"]
[Round "4.18"]
[White "Fehr, Axel"]
[Black "Donchenko, Anatoly"]
[Result "1/2-1/2"]
[WhiteElo "2141"]
[BlackElo "2376"]
[PlyCount "34"]
[EventDate "2012.??.??"]

1. c4 c5 2. g3 g6 3. Bg2 Bg7 4. Nc3 Nc6 5. Nf3 Nh6 6. h4 d6 7. d3 Bg4 8. h5 Qd7
9. Ng5 Bxh5 10. f3 f5 11. Nd5 O-O 12. Nf4 Rf6 13. Nxh5 gxh5 14. Be3 Rg6 15. Qd2
Nd4 16. Rb1 Rf8 17. Rxh5 b5 1/2-1/2

[Event "Schachfestival 2012"]
[Site "Bad Wörishofen"]
[Date "2012.03.05"]
[Round "4.19"]
[White "Kummerow, Heiko"]
[Black "Behling, Robert"]
[Result "0-1"]
[WhiteElo "2372"]
[BlackElo "2142"]
[PlyCount "56"]
[EventDate "2012.??.??"]

1. e4 c6 2. d4 d5 3. f3 e6 4. Nc3 Bb4 5. a3 Bxc3+ 6. bxc3 dxe4 7. Nh3 Qa5 8.
Bd2 e3 9. Bxe3 Qxc3+ 10. Kf2 Nf6 11. Bd3 Nd5 12. Qe2 Nd7 13. Rab1 Qxa3 14. Rb3
Qd6 15. Bd2 b5 16. Ra1 h6 17. g3 O-O 18. Qe4 f5 19. Qe2 e5 20. Kg2 exd4 21. Nf4
N7f6 22. Qf2 Nxf4+ 23. Bxf4 Qd5 24. Ra5 Kh8 25. Rb4 Rd8 26. Bc7 Rd7 27. Bb6 c5
28. Rbxb5 axb6 0-1

[Event "Schachfestival 2012"]
[Site "Bad Wörishofen"]
[Date "2012.03.05"]
[Round "4.27"]
[White "Schelle, Artur"]
[Black "De Andres Gonalons, Fern"]
[Result "1-0"]
[WhiteElo "2216"]
[BlackElo "2084"]
[PlyCount "43"]
[EventDate "2012.??.??"]

1. e4 e6 2. d4 d5 3. Nc3 dxe4 4. Nxe4 Nd7 5. Nf3 Be7 6. c3 Ngf6 7. Nxf6+ Bxf6
8. Bd3 O-O 9. Qc2 h6 10. O-O e5 11. Re1 Re8 12. Be3 c6 13. Rad1 Qc7 14. Bf4 g5
15. Bg3 Bg7 16. Bc4 b5 17. Bb3 c5 18. Bd5 Rb8 19. dxe5 Nxe5 20. Nxe5 Rxe5 21.
Bxe5 Bxe5 22. Rxe5 1-0

[Event "Schachfestival 2012"]
[Site "Bad Wörishofen"]
[Date "2012.03.05"]
[Round "4.63"]
[White "Feicht, Roland"]
[Black "Kerber, Alfred"]
[Result "0-1"]
[WhiteElo "1817"]
[BlackElo "2009"]
[PlyCount "38"]
[EventDate "2012.??.??"]

1. e4 e5 2. Nf3 Nc6 3. d4 exd4 4. Nxd4 Qh4 5. Nc3 Bb4 6. Qd3 Ne5 7. Qe3 Nf6 8.
Bd3 Bxc3+ 9. bxc3 O-O 10. Nf5 Qg4 11. Bd2 d5 12. f3 Qh5 13. g4 Qh3 14. Ng3 dxe4
15. Bxe4 Nc4 16. Qf2 Nxe4 17. Nxe4 Nxd2 18. Ng5 Nxf3+ 19. Nxf3 Bxg4 0-1

[Event "Schachfestival 2012"]
[Site "Bad WÃ¶rishofen"]
[Date "2012.03.06"]
[Round "5.1"]
[White "Teske, Henrik"]
[Black "Pap, Misa"]
[Result "0-1"]
[WhiteElo "2554"]
[BlackElo "2501"]
[PlyCount "92"]
[EventDate "2012.??.??"]

1. Nf3 c5 2. c4 g6 3. Nc3 Bg7 4. g3 Nc6 5. Bg2 Nh6 6. a3 Nf5 7. Rb1 a5 8. O-O
O-O 9. e4 Nfd4 10. Nxd4 cxd4 11. Nd5 d6 12. b4 e6 13. Nf4 axb4 14. axb4 Ne5 15.
d3 b5 16. Bb2 bxc4 17. Bxd4 cxd3 18. Nxd3 Nf3+ 19. Bxf3 Bxd4 20. Nb2 e5 21. Nc4
Be6 22. Na5 Qb6 23. Bg4 f5 24. exf5 gxf5 25. Be2 Rac8 26. Rc1 Kh8 27. Rxc8 Rxc8
28. Nb3 Bc3 29. b5 e4 30. Nd2 d5 31. Nb1 Bg7 32. Qa4 d4 33. Bd1 Bc4 34. Qc2 Qb7
35. Re1 Bd3 36. Qb3 Qxb5 37. Qxb5 Bxb5 38. Bb3 d3 39. g4 f4 40. Na3 d2 41. Rd1
e3 42. fxe3 fxe3 43. Nxb5 e2 44. Kf2 Re8 45. Re1 dxe1=Q+ 46. Kxe1 Bf6 0-1

[Event "Schachfestival 2012"]
[Site "Bad WÃ¶rishofen"]
[Date "2012.03.06"]
[Round "5.10"]
[White "Gutman, Lev"]
[Black "Guttenthaler, Franz"]
[Result "1-0"]
[WhiteElo "2452"]
[BlackElo "2204"]
[PlyCount "51"]
[EventDate "2012.??.??"]

1. Nf3 Nf6 2. g3 g6 3. Bg2 Bg7 4. O-O O-O 5. d4 d6 6. c4 Nbd7 7. Nc3 e5 8. e4
exd4 9. Nxd4 Re8 10. h3 Nc5 11. Re1 a5 12. Qc2 c6 13. Be3 a4 14. Rab1 Qe7 15.
b4 axb3 16. axb3 Nfd7 17. f4 f5 18. Bd2 fxe4 19. b4 Ne6 20. Nxe6 Qxe6 21. Nxe4
Rd8 22. Ng5 Qf5 23. Qxf5 gxf5 24. b5 Nf6 25. bxc6 bxc6 26. Bxc6 1-0

[Event "Schachfestival 2012"]
[Site "Bad WÃ¶rishofen"]
[Date "2012.03.06"]
[Round "5.15"]
[White "Friedrich, Norbert"]
[Black "Kugelmann, Werner"]
[Result "1-0"]
[WhiteElo "2318"]
[BlackElo "2171"]
[PlyCount "61"]
[EventDate "2012.??.??"]

1. e4 e5 2. Nf3 Nc6 3. Bc4 Bc5 4. c3 Qe7 5. Bb3 d6 6. d3 Nf6 7. h3 h6 8. Nbd2
O-O 9. Nf1 Bb6 10. g4 Nh7 11. Ng3 Be6 12. Nf5 Bxf5 13. gxf5 Nf6 14. Rg1 Kh8 15.
Nh2 Na5 16. Bc2 d5 17. Ng4 dxe4 18. dxe4 Rad8 19. Qf3 Nc4 20. Bb3 Nd6 21. Nxf6
Qxf6 22. Qg4 Rg8 23. h4 Qe7 24. Bg5 f6 25. Bxh6 gxh6 26. Bxg8 Nxe4 27. Qxe4
Rxg8 28. Rxg8+ Kxg8 29. O-O-O c6 30. f4 Bc7 31. Qg2+ 1-0

[Event "Schachfestival 2012"]
[Site "Bad WÃ¶rishofen"]
[Date "2012.03.06"]
[Round "5.16"]
[White "Kozlov, Alexander"]
[Black "Steinbacher, Matthias"]
[Result "1-0"]
[WhiteElo "2170"]
[BlackElo "2247"]
[PlyCount "77"]
[EventDate "2012.??.??"]

1. Nf3 Nf6 2. d4 e6 3. e3 b6 4. Bd3 Bb7 5. b3 c5 6. O-O cxd4 7. exd4 Be7 8. Bb2
O-O 9. Nbd2 Nc6 10. a3 Rc8 11. Ne5 Qc7 12. Ndf3 d6 13. Nc4 Nb8 14. Re1 Nbd7 15.
Ne3 Rfe8 16. Rc1 Bf8 17. Qe2 g6 18. Ba6 Bg7 19. Bxb7 Qxb7 20. c4 d5 21. a4 dxc4
22. Nxc4 Qd5 23. Nfe5 Bf8 24. Qf3 Nxe5 25. Qxd5 exd5 26. Nxe5 Bh6 27. Rxc8 Rxc8
28. Re2 Ne4 29. Nf3 f6 30. Kf1 Kf7 31. Ke1 Bf8 32. Kd1 Bd6 33. h3 h5 34. Ne1 h4
35. Nd3 Nc3+ 36. Bxc3 Rxc3 37. Nc1 Bb4 38. Rc2 Rxc2 39. Kxc2 {(ZÜ)} 1-0

[Event "Schachfestival 2012"]
[Site "Bad WÃ¶rishofen"]
[Date "2012.03.06"]
[Round "5.17"]
[White "Behling, Robert"]
[Black "Schelle, Artur"]
[Result "0-1"]
[WhiteElo "2142"]
[BlackElo "2216"]
[PlyCount "76"]
[EventDate "2012.??.??"]

1. c4 f5 2. Nf3 Nf6 3. g3 g6 4. Bg2 Bg7 5. O-O O-O 6. d4 d6 7. Nc3 Nc6 8. d5
Ne5 9. Nxe5 dxe5 10. Qb3 h6 11. c5 Kh8 12. Rd1 a6 13. Qa3 g5 14. b4 Qe8 15. b5
e4 16. Rb1 Qf7 17. b6 cxb6 18. Rxb6 Rd8 19. d6 exd6 20. cxd6 Be6 21. f3 Rac8
22. Bb2 e3 23. f4 Rd7 24. Na4 gxf4 25. gxf4 Nd5 26. Kf1 Rg8 27. Bxd5 Bxd5 28.
Qxe3 Bxb2 29. Rxb2 Bg2+ 30. Ke1 Qg7 31. Qe5 Rgd8 32. Rb3 Bc6 33. Rg3 Qxe5 34.
fxe5 Bxa4 35. Rd4 Bc6 36. Rh3 Kg7 37. Rf4 Be4 38. Rhh4 Rh8 0-1

[Event "Schachfestival 2012"]
[Site "Bad WÃ¶rishofen"]
[Date "2012.03.06"]
[Round "5.31"]
[White "Gulde, Josef"]
[Black "Fehr, Axel"]
[Result "1-0"]
[WhiteElo "2009"]
[BlackElo "2141"]
[PlyCount "57"]
[EventDate "2012.??.??"]

1. d4 Nf6 2. c4 e6 3. Nc3 Bb4 4. a3 Bxc3+ 5. bxc3 c5 6. e3 O-O 7. Bd3 b6 8. Ne2
d6 9. O-O Qc7 10. Ng3 Ba6 11. Qe2 Nbd7 12. Bb2 Rac8 13. Rac1 d5 14. cxd5 Bxd3
15. Qxd3 exd5 16. f3 c4 17. Qc2 Rfe8 18. Rce1 h5 19. e4 h4 20. Nf5 g6 21. Nxh4
Nf8 22. e5 Nh5 23. f4 Qe7 24. Qf2 Ne6 25. Bc1 Nhg7 26. g4 g5 27. f5 gxh4 28. f6
Qf8 29. Qxh4 1-0